000 01257nam a2200229Ia 4500
001 A235-34954
003 IT-CnALBA
008 170116s9999||||xx |||||||||||||| ||und||
040 _aIT-CnALBA
_cIT-CnALBA
041 _aITALIANO
100 _aGALLIZIA P. GIACINTO, CANONICO
245 0 _aATTI DEI SANTI CHE FIORIRONO NÈ DOMINI DELLA REALE CASA DI SAVOIA. TOMO VII.
250 _a1a ed.
260 _aTORINO
_bREGIA TYPOGRAPHIA OFFICINA.
_c1757 [1° Ed.:1757 - Ed.Ling.Originale: 1757]
300 _a384 p.
500 _aS. PIO V PAPA. BEATO MARCO DI NIZZA. BEATO MICHELE DA VERCELLI CERTOSINO. BEATA CATERINA DA RACCONIGI. S. FRANCESCO DI SALES VESCOVO DI GINEVRA. BEATA GIOVANNA FRANCESCA FREMIOT DE CHANTAL. BEATO DOMENICO DA FOSSANO. BEATO CHERUBINO DA MORIANA. BEATO AMBR
501 _aSocietà San Paolo EM - Piazza San Paolo, 14 - 12051 ALBA (CN) (non commercial uses only) ® Copyright 2017
520 _aS. PIO V PAPA. BEATO MARCO DI NIZZA. BEATO MICHELE DA VERCELLI CERTOSINO. BEATA CATERINA DA RACCONIGI. S. FRANCESCO DI SALES VESCOVO DI GINEVRA. BEATA GIOVANNA FRANCESCA FREMIOT DE CHANTAL. BEATO DOMENICO DA FOSSANO. BEATO CHERUBINO DA MORIANA. BEATO AMBR
650 _aANGELI SANTI DEMONI
942 _cBK
957 _71
999 _a39723
_bSI
_g Copie: 1
_c293786
_d293786